Quizzes
Events
Quiz Creation
Community
Videos
Private Events
Remove Ads
Sign In
Join for FREE
Feedback
Dark Mode
Quiz Categories
Sports
Geography
Music
Movies
Television
Just For Fun
Miscellaneous
History
Literature
Language
Science
Gaming
Entertainment
Religion
Holiday
For Kids
Quiz Lab
Recent
Popular Today
Quiz Kudos Today
Editor Picks
Curator Picks
Quizzes by...
Day
Popularity
Type
Ratings
Length
Year
Community
Subscriptions
Recent Discussions
Orange Saloon
Badges
Playlists
Quests
Create
Leaderboards
Showdown
Live 5
Trivia Bingo
Activity
Puzzle Library
Sporcle Events
Private Events
Virtual Trivia
Globe League
Become a Host
Pub Owners
SporcleCon
Opinionation
Our Games
Videos
Blog
Mobile Apps
Partnerships
Remove Ads and Go Orange
Feedback
Movies
Disney
Marvel Cinematic Universe
Movie Resume
Movie Titles
Oscar
Actor
Actress
Director
Pixar
Role
Movie Quotes
Movie Characters
Box Office
Nominee
Best Picture
Star Wars
James Bond
Horror Movies
Movies
Disney
Marvel Cinematic Universe
Movie Resume
Movie Titles
Oscar
Actor
Actress
Director
Pixar
Role
Movie Quotes
Movie Characters
Box Office
Nominee
Best Picture
Star Wars
James Bond
Horror Movies
Random Quiz
Search Sporcle
×
Quiz Lab
Quiz Lab
Movies
bogart
Type in answers that appear in a list
Type in answers that appear in a list
Classic
Best Score? Go Orange.
Humphrey Bogart Movies Stats
Can you name the Humphrey Bogart Movies?
By
McNeal
10m
77 Questions
44 Plays
44 Plays
44 Plays
Comments
Comments
Give Quiz Kudos
Give Quiz Kudos
-
- Ratings
hide this ad
Replay
Link that replays current quiz
Next Quiz
Link to next quiz in quiz playlist
You Got
0%
They Got
Avg Score
23%
Avg Friend Score
Upgrade to see
Score Distribution
Jump to the score distribution portion of the page
Score
0/77
Timer
10:00
0
Plays Today
% Correct
The Maltese Falcon
88.6%
Casablanca
88.6%
The African Queen
86.4%
Key Largo
72.7%
To Have and Have Not
70.5%
The Big Sleep
70.5%
The Treasure of the Sierra Madre
61.4%
High Sierra
59.1%
The Caine Mutiny
56.8%
The Petrified Forest
54.5%
Sabrina
50%
The Roaring Twenties
47.7%
Dark Passage
45.5%
Angels With Dirty Faces
40.9%
We're No Angels
38.6%
Dead End
34.1%
They Drive By Night
34.1%
The Harder They Fall
34.1%
The Oklahoma Kid
29.5%
Dark Victory
29.5%
Dead Reckoning
29.5%
Beat the Devil
29.5%
All Through the Night
27.3%
Across the Pacific
27.3%
Sahara
27.3%
The Desperate Hours
25%
Three On a Match
22.7%
Virginia City
22.7%
Action in the North Atlantic
22.7%
In a Lonely Place
22.7%
The Barefoot Contessa
22.7%
The Amazing Dr. Clitterhouse
20.5%
The Return of Doctor X
20.5%
Crime School
18.2%
Passage to Marseille
18.2%
Marked Woman
15.9%
Brother Orchid
15.9%
Knock on Any Door
15.9%
The Enforcer
15.9%
% Correct
Up the River
13.6%
Kid Galahad
13.6%
The Wagons Roll At Night
13.6%
Conflict
13.6%
Chain Lightning
13.6%
Sirocco
13.6%
The Left Hand of God
13.6%
Bullets or Ballots
11.4%
Black Legion
11.4%
Swing Your Lady
11.4%
You Can't Get Away With Murder
11.4%
It All Came True
11.4%
The Two Mrs. Carrolls
11.4%
Tokyo Joe
11.4%
Deadline U.S.A.
11.4%
Midnight
9.1%
San Quentin
9.1%
Men Are Such Fools
9.1%
Battle Circus
9.1%
A Devil With Women
6.8%
The Bad Sister
6.8%
A Holy Terror
6.8%
Love Affair
6.8%
Big City Blues
6.8%
China Clipper
6.8%
Stand-In
6.8%
Racket Busters
6.8%
The Big Shot
6.8%
Broadway's Like That
4.5%
Body and Soul
4.5%
Women of All Nations
4.5%
Two Against the World
4.5%
Isle of Fury
4.5%
The Great O'Malley
4.5%
King of the Underworld
4.5%
The Dancing Town
2.3%
Invisible Stipes
2.3%
Road to Bali
2.3%
Quiz Playlist
Details
Report
Send in Message
Add To Playlist
Classic:
Type in answers that appear in a list
Quiz Source
Last Updated: Feb 16, 2017
Quiz Scoreboard
CHALLENGE
Sign Up to Join the Scoreboard
Show All
Scores
Hide
Comments
May contain spoilers
Recently Published
Street Fighter Characters
by Artimus82
Gaming
60s
9x9 Crossword: Cartoon Network
by jackfrog10
Miscellaneous
3m
College Basketball Coaching Resumes
by pancakes188
Sports
9m
More to Explore
Quiz From the Vault
Featured Blog Post
Where Did the Easter Bunny Come From?
hide this ad
You Might Also Like...
Tags
bogart
Humphrey
Humphrey Bogart
Today's Top Quizzes in Movies
Browse Movies
hide this ad
Today's Top Quizzes in bogart
Browse bogart
Top Contributed Quizzes in Movies
1
Pick 5 Posters: Directed by Spielberg
2
7-to-1: Pixar Characters
3
Pick 5 Posters: Lowest-Rated Spielberg
4
Hidden Star Wars Character II
5
Sorting Actors
6
Sorting Actresses
7
Pick 5 Posters: Directed by Scorsese
8
Hidden Star Wars Character III
9
Pick 5 Posters: Star & Director
10
Hidden Star Wars Character IV
Explore More
Trending Topics
Kpop
Marvel
NBA
Harry Potter
Disney
Crossword
Anime
Puzzle
The Office
Pokémon
NFL
WWE
Soccer
Song
Country
hide this ad
More By:
McNeal
Quiz
Plays
Rating
Category
Featured
Created
Blazing Saddles Quotes
1,771
4.41
Movies
Feb 8, 2010
Ohio Colleges and Universities
1,439
4.75
Miscellaneous
Dec 14, 2009
Cleveland Browns leading rushers
631
5.00
Sports
Nov 1, 2009
Match the G.I. Joe Code Name and Real Name
463
4.33
Entertainment
Mar 3, 2015
Cincinnati Reds Top 10 Home Run Hitters
203
4.67
Sports
Jul 23, 2020
Go to Creator's Profile
Score Distribution
Quiz Creator Spotlight
McNeal
Follow
Send a Message
Quizzes Created
-
Created Quiz Play Count
-
More By This Creator
Popular Quizzes Today
1
Find the US States - No Outlines Minefield
2
Find the Countries of Europe - No Outlines Minefield
3
The Countries of the World
4
Find the US States
5
Risky Map Clicking: Biggest States A-Z
6
US States
7
Popular People in 1961
8
Movies - When Are They Set?
More Movies Quizzes
First Word Comedy Titles
Published
Trending Quizzes
Risky Map Clicking: Least Populous States A-Z
1-10 Letter G Words
Risky Map Clicking: Next State Alphabetically
Adjectives in 80s TV Shows
The Seven Year Switch: Catherine
Recently Updated
Leaping Animals
pecheneg
Reality TV Shows (A-Z)
bhenderson79
Rickey Henderson's Hall of Fame Teammates
pecheneg
Champions League XIs: Arsenal
pecheneg
Quick Pick: Celebrities in WWE's Hall of Fame
aduchscher
A-Z Keypad Blitz II
pecheneg
Multiple Oscar Actors
pecheneg
Mystery Phrase Blitz: Oscar 'Best Actors'
pecheneg
F. Scott Fitzgerald Novels
LTH
Pick 3 Villains
ddd62291
Trending Topics
NBA
Kpop
Crossword
Disney
Marvel
Harry Potter
Anime
The Office
Puzzle
NFL
Soccer
WWE
Pokémon
Song
Country
Your Account Isn't Verified!
In order to create a playlist on Sporcle, you need to verify the email address you used during registration. Go to your
Sporcle Settings
to finish the process.
Report this User
Report this user for behavior that violates our
Community Guidelines
.
Details:
Send Report
Go to the Sporcle.com Mobile Site →
Comments